|
|
|
|
| LEADER |
00000nab a2200000uu 4500 |
| 001 |
vtls010877716 |
| 003 |
SK-MaSNL |
| 005 |
20260304003332.0 |
| 008 |
230303|2002 xo |||||||||||||||||eng| |
| 015 |
|
|
|a SNBRB
|
| 035 |
|
|
|a (urnnbn)urn:nbn:sk:snk:ar-005tuj
|
| 035 |
|
|
|a (uuid)98840aff-f961-4508-8e6a-2ca8495dbba7
|
| 035 |
|
|
|a urn:nbn:sk:snk-ab7m2j
|
| 040 |
|
|
|a SNKBUCL
|b slo
|c SNKBUCL
|e AACR2
|
| 041 |
0 |
|
|a eng
|
| 044 |
|
|
|a xo
|c SK
|
| 100 |
1 |
|
|a Biffis, A.
|4 aut
|9 1281673
|
| 245 |
1 |
0 |
|a Macromolecule-Palladium Complexes as Catalysts for the Synthesis of Hydrogen Peroxide
|c A. Biffis, M. Králik
|
| 700 |
1 |
|
|a Králik, Milan,
|d 1953-
|4 aut
|9 39995
|
| 773 |
0 |
|
|t Chemical papers
|g Roč. 56, č. 3 (2002), s. 178-181
|
| 958 |
|
|
|a OND
|
| 958 |
|
|
|a EUIPO
|
| 958 |
|
|
|a article8
|
| 999 |
|
|
|c 2546821
|d 2548751
|